|
|
|
|
| LEADER |
00641nam a22002172a 4500 |
| 001 |
001129667 |
| 003 |
CZ BrMZK |
| 005 |
20110610094104.0 |
| 007 |
ta |
| 008 |
101124s1859 fr er|||||||||||fre d |
| 040 |
|
|
|a BOA001
|b cze
|
| 100 |
1 |
|
|a Bourgoin, C.
|4 aut
|
| 245 |
1 |
0 |
|a Dictées du premier examen de l'hotel-de-ville.
|n Tome 3e /
|c recueillies et mises en ordre par C. B.
|
| 250 |
|
|
|a 3e éd.
|
| 260 |
|
|
|a Paris :
|b Maire-Nyon,
|c 1859
|
| 300 |
|
|
|a 211 s.
|
| 910 |
|
|
|a BOA001
|b 1-0242.390,3
|
| 990 |
|
|
|a BK
|
| 993 |
|
|
|a Y
|
| 991 |
|
|
|b 201011
|
| 996 |
6 |
|
|b 2619360453
|c 1-0242.390,3
|l MZK
|r Sklad / do 1 hodiny
|n 0
|w 001158749
|u 000010
|a 1
|e BOA001
|j MZK50
|s P
|